000 00344nam a2200133Ia 4500
005 20251222144704.0
008 251222s9999||||xx |||||||||||||| ||spa||
020 _a970-17-0173-9
082 _a004.190.27/M93
100 _aScott Muller
245 0 _aManual de actualización y reparación de PCs
264 _bPearson Educación
942 _cLIB
999 _c17581
_d17581